000
00332nam a2200145Ia 4500
008
191201s2008 xx 000 0 und d
082
_a
540
_b
MOO
100
_a
MORRISON, Robert thornton
245
0
_a
Organic Chemistry
250
_a
Rep.
260
_a
N.Delhi
_b
PHI
_c
2008
300
_a
1261
650
_a
Applied
942
_2
ddc
_c
BK
999
_c
3824
_d
3824